Team of the Tournament - Championnat d'Europe de football 1996 - Statistiques

Statistiques générales
  • Ce quiz a été pris 14 fois
  • Le résultat moyen est 7 sur 18
Statistiques - réponses
Position Nationalité Joueur % Correct
Milieu de terrain France Didier Deschamps
91%
Défenseur France Laurent Blanc
91%
Défenseur France Marcel Desailly
82%
Attaquant Croatie Davor Šuker
73%
Défenseur Italie Paolo Maldini
64%
Attaquant Angleterre Alan Shearer
45%
Attaquant Bulgarie Hristo Stoichkov
45%
Défenseur Allemagne Matthias Sammer
45%
Milieu de terrain le Portugal Rui Costa
45%
Gardien de but Angleterre David Seaman
36%
Attaquant France Youri Djorkaeff
36%
Milieu de terrain Angleterre Paul Gascoigne
18%
Gardien de but Allemagne Andreas Köpke
9%
Milieu de terrain République tchèque Karel Poborský
9%
Milieu de terrain Angleterre Steve McManaman
9%
Milieu de terrain Allemagne Dieter Eilts
0%
Attaquant République tchèque Pavel Kuka
0%
Défenseur République tchèque Radoslav Látal
0%
Aucun quiz correspondant
Distribution des résultats
% des personnes avec chaque résultat
Percentile par nombre de réponses
Votre historique - résultats
Vous n’avez pas pris ce quiz